Viete kde je Padva? Štátna prírodná rezervácia

Bibliographic Details
Main Author: Tatár, Jozef, 1954- (Author)
Format: Article
Language:Slovak
Subjects:

MARC

LEADER 00000nab a2200000 a 4500
001 vtls000391143
003 SK-MaSNL
005 20260302235414.0
008 111202c1990 xo 0 slo
015 |a SNBRB19rr/mm-uuuuu 
035 |a CL0391267 
040 |a SNKBUCL  |b slo  |c SNKBUCL  |e AACR2 
041 0 |a slo 
044 |a xo  |c SK 
080 |a 908.437.652  |2 1981 
100 1 |a Tatár, Jozef,  |d 1954-  |4 aut  |9 86031 
245 1 0 |a Viete kde je Padva?  |b Štátna prírodná rezervácia  |c J. Tatár 
650 0 7 |a Padva (Veľká Fatra)  |2 snkbucl  |9 972035 
655 7 |a články z novín a časopisov  |2 snkbucl  |9 267496 
773 0 |t Smer  |g Roč. 42, č. 186 (10. 8. 1990), s. 12 
850 |a Slovenská národná knižnica v Martine  |a MTA001 
852 |a SNK  |b KIS3GCP 
958 |a RK 
992 |a RBX 
999 |c 1554549  |d 1556479